| 000 | 01432nam0a22002651 4500 | ||
|---|---|---|---|
| 001 | rc\2837286 | ||
| 005 | 20250529202313.0 | ||
| 035 | _a(NLR Aleph) 006994997 | ||
| 090 |
_a5664099 _c5664099 |
||
| 100 | _a20110628d1928 |||y0rusy50 ca | ||
| 101 | 0 | _arus | |
| 102 | _aRU | ||
| 105 | _ay z ||||| | ||
| 200 | 1 |
_aКраткий очерк распространения рыб в Пензенской губернии _fА.Н. Магницкий |
|
| 210 |
_aПенза _cБ. и. _d1928 _gтипо-литогр. им. т. Воровского |
||
| 215 |
_a26 с. _d26×17 см |
||
| 225 | 1 |
_aТруды Пензенского общества любителей естествознания и краеведения _vВып. 12 |
|
| 320 | _aБиблиогр.: указатель литературы (на 1 странице) | ||
| 421 | 0 |
_12001#$aСхематическая карта распространения некоторых наиболее интересных пород рыб Пензенской губернии _1215##$a1 л. _tСхематическая карта распространения некоторых наиболее интересных пород рыб Пензенской губернии |
|
| 700 | 1 |
_aМагницкий _bА.Н. _gАлександр Николаевич |
|
| 801 | 0 |
_aRU _bNLR _gpsbo |
|
| 801 | 1 |
_aRU _bELAR _2rusmarc |
|
| 852 |
_aNLR _j68/397(XII) |
||
| 942 | _cBOOK | ||
| 980 | _aNB | ||